|
|
|
|
| LEADER |
02237nam a22003858i 4500 |
| 001 |
39987 |
| 003 |
BD-DhAAL |
| 008 |
221109t2021 nju 001 0 eng d |
| 020 |
|
|
|a 9781119707080
|
| 020 |
|
|
|a 9781119709879
|
| 020 |
|
|
|a 9781119707110
|
| 040 |
|
|
|a DLC
|b eng
|c DLC
|e rda
|d BD-DhAAL
|
| 042 |
|
|
|a pcc
|
| 050 |
0 |
0 |
|a HF5635
|
| 082 |
0 |
0 |
|a 657
|2 23
|
| 100 |
1 |
|
|a Weygandt, Jerry J.,
|e author.
|9 52269
|
| 245 |
1 |
0 |
|a Accounting principles /
|c Jerry J. Weygandt, Paul D. Kimmel, Jill E. Mitchell.
|
| 250 |
|
|
|a Fourteenth edition.
|
| 263 |
|
|
|a 2012
|
| 264 |
|
1 |
|a Hoboken :
|b Wiley,
|c c2021.
|
| 300 |
|
|
|a various pagings :
|b illustrations ;
|c 31 cm.
|
| 500 |
|
|
|a Revised edition.
|
| 500 |
|
|
|a Includes index.
|
| 520 |
|
|
|a "The following Feature Story about Columbia Sportswear Company highlights the importance of having good financial information and knowing how to use it to make effective business decisions. Whatever your pursuits or occupation, the need for financial information is inescapable. You cannot earn a living, spend money, buy on credit, make an investment, or pay taxes without receiving, using, or dispensing financial information. Good decision- making depends on good information. The purpose of this chapter is to show you that accounting is the system used to provide useful financial information"--
|
| 526 |
|
|
|a BBS
|
| 541 |
|
|
|a Karim International
|e 39987, 39988
|
| 650 |
|
0 |
|a Accounting.
|9 52270
|
| 650 |
|
0 |
|a Management.
|9 52271
|
| 700 |
1 |
|
|a Kimmel, Paul D.,
|e author.
|9 52272
|
| 700 |
1 |
|
|a Mitchell, Jill E.,
|e author.
|9 52273
|
| 852 |
|
|
|a Ayesha Abed Library
|c Reference section
|
| 942 |
|
|
|2 ddc
|c BK
|
| 999 |
|
|
|c 44760
|d 44760
|
| 952 |
|
|
|0 0
|1 0
|2 ddc
|4 0
|6 657_000000000000000_WEY
|7 0
|9 72223
|a BRACUL
|b BRACUL
|c GEN
|d 2022-10-27
|e Karim International
|g 17500.00
|l 1
|o 657 WEY
|p 3010039988
|q 2026-06-07
|r 2026-02-05
|s 2026-02-05
|t 2
|v 17500.00
|w 2022-10-27
|y BK
|x As requested by Md Shafiqul Islam, Senior Lecturer, BRAC Business School (BBS), BRAC University this reserve book has been check out on her Library Account
|
| 952 |
|
|
|0 0
|1 0
|2 ddc
|4 0
|6 657_000000000000000_WEY
|7 0
|9 72224
|a BRACUL
|b BRACUL
|c CIR
|d 2022-10-27
|e Karim International
|g 17500.00
|l 21
|o 657 WEY
|p 3010039987
|r 2026-05-13
|s 2026-05-13
|t 1
|v 17500.00
|w 2022-10-27
|y 1HOUR
|